| 000 | 01234nam a2200277 i 4500 | ||
|---|---|---|---|
| 001 | 175677 | ||
| 003 | ES-MaACL | ||
| 005 | 20251120063149.0 | ||
| 007 | t| | ||
| 008 | 101116s1943 sp ||||1| spa d | ||
| 080 | _a929 Ildefonso, Santo | ||
| 100 | 0 |
_aMartínez de Toledo, Alfonso, _cArcipreste de Talavera _978034 |
|
| 245 | 1 | 0 |
_aSan Ildefonso de Toledo a través de la pluma del Arcipreste de Talavera / _cestudio y edición crítica de la Vida de San Ildefonso y de la traducción del tratado De perpetua virginitate sanctae Mariae contra tres infideles, por el Arcipreste de Talavera, por José Madoz. |
| 260 |
_aMadrid : _bPatronato Raimundo Lulio : _bInstituto Francisco Suárez, _c1943. |
||
| 300 |
_a194 p. ; _c25 cm. |
||
| 490 | 1 |
_aBiblioteca de antiguos escritores cristianos españoles ; _v2 |
|
| 500 | _aÍndices. | ||
| 504 | _aBibliografía: p. 188-190. | ||
| 600 | 0 | 4 |
_aIldefonso, _cSanto _965173 |
| 700 | 1 |
_aMadoz, José. _9143958 |
|
| 710 | 0 |
_aPatronato Raimundo Lulio (Madrid) _96198 |
|
| 710 | 2 |
_aInstituto "Francisco Suárez" _95062 |
|
| 830 | 0 |
_aBiblioteca de antiguos escritores cristianos españoles ; _v2 _9189822 |
|
| 852 |
_aES-MaACL _jE-13541 _xOlim P-780 |
||
| 999 |
_c175677 _d175677 |
||